00967cas a22002417a 4500999001500000003000400015005001700019008004100036040001400077110006100091245010300152256002600255260008300281310001000364362001000374500004600384530004300430650004400473655001200517856008500529942001500614952009600629 c6983d6983OSt20231121111139.0161220c20109999spcau p|s|||||| b0cat|d bcatcCDMR2 aConsell Nacional de la Cultura i de les Arts (Catalunya)10aInforme anual sobre l'estat de la cultura i de les arts a Catalunyah[Recurs electrònic] cCoNCA aRevista electrònica a[Barcelona] :bConsell Nacional de la Cultura i de les Arts (CoNCA),cDL 2010- aAnual0 a2010- aTítol obtingut de la pàgina principal aTambé es publica en versió impresa 0aIndústries culturals94171zCatalunya 4aAnuaris40zAccés en líniauhttp://conca.gencat.cat/ca/publicacions/informe-anual-conca/ cSER-E2udc 00104070aCDMRbCDMRd2016-12-20l0oDisponible en líniar2016-12-20w2016-12-20ySER-E